000 00422nam a2200181Ia 4500
001 2136
005 20260306143820.0
008 260306t2016||||xx |||||||||||||| ||spa||
041 _aESP
082 _a614.4
_bF57
100 _aFletcher, Robert H.,
_eAUT
245 0 _aEpidemiología clínica
260 _c2016
300 _axv, 255 páginas :
_c25 cm.
650 _aGEN
654 _aCCS
942 _cLIB
_dJUS
_fJUS
_2ddc
_n
999 _c2136
_d2136